header

Best practice in professional supervision (Record no. 136688)

MARC details
000 -LEADER
fixed length control field 01366nam a2200337Ia 4500
082 04 - DEWEY DECIMAL CLASSIFICATION NUMBER
Classification number 361.3068/3
100 1# - MAIN ENTRY--AUTHOR NAME
Personal name Davys, Allyson,
245 10 - TITLE STATEMENT
Title Best practice in professional supervision
260 ## - PUBLICATION, DISTRIBUTION, ETC. (IMPRINT)
Place of publication London ;
-- Philadelphia :
Name of publisher Jessica Kingsley Publishers,
Year of publication 2010.
300 ## - PHYSICAL DESCRIPTION
Number of Pages 256 p. :
Other physical details ill.
650 #0 - SUBJECT ADDED ENTRY--TOPICAL TERM
Topical Term Social work administration.
Topical Term Social workers
Topical Term Supervision of employees.
700 1# - ADDED ENTRY--PERSONAL NAME
Personal name Beddoe, Liz,
856 40 - ELECTRONIC LOCATION AND ACCESS
Uniform Resource Identifier http://site.ebrary.com/lib/rucke/Doc?id=10446989

No items available.

© 2026 Rongo University
Contact us: librarian | system librarian | Rongo university